MDQL
is popping MORE tags! Check the
thread
!
Quizzes
Events
Quiz Creation
Community
Videos
Private Events
Remove Ads
Sign In
Join for FREE
Feedback
Dark Mode
Quiz Categories
Sports
Geography
Music
Movies
Television
Just For Fun
Miscellaneous
History
Literature
Language
Science
Gaming
Entertainment
Religion
Holiday
For Kids
Quiz Lab
Recent
Popular Today
Quiz Kudos Today
Editor Picks
Curator Picks
Quizzes by...
Day
Popularity
Type
Ratings
Length
Year
Community
Subscriptions
Recent Discussions
Orange Saloon
Badges
Playlists
Quests
Create
Leaderboards
Showdown
Live 5
Trivia Bingo
Activity
Puzzle Library
Sporcle Events
Private Events
Virtual Trivia
Globe League
Become a Host
Pub Owners
SporcleCon
Opinionation
Our Games
Videos
Blog
Mobile Apps
Partnerships
Remove Ads and Go Orange
Feedback
Music
Pop Music
The Beatles
Song
Album
Lyrics
Bands
Singers
Artist
Clip
Rock
Rap
Classical
Billboard
Country Music
Kpop
Taylor Swift
Music
Pop Music
The Beatles
Song
Album
Lyrics
Bands
Singers
Artist
Clip
Rock
Rap
Classical
Billboard
Country Music
Kpop
Taylor Swift
Random Quiz
Search Sporcle
×
Quiz Lab
Quiz Lab
Music
Bands
Type in answers that appear in a list
Type in answers that appear in a list
Classic
Best Score? Go Orange.
Dead Band Members Stats
Can you name the dead members of these bands?
By
Massagraf
5m
27 Questions
323 Plays
323 Plays
323 Plays
Comments
Comments
Give Quiz Kudos
Give Quiz Kudos
-
- Ratings
hide this ad
Replay
Link that replays current quiz
Next Quiz
Link to next quiz in quiz playlist
You Got
0%
They Got
Avg Score
48%
Avg Friend Score
Upgrade to see
Score Distribution
Jump to the score distribution portion of the page
Score
0/27
Timer
05:00
0
Plays Today
Band
Member(s)
% Correct
The Beatles
John Lennon/George Harrison
91.3%
Nirvana
Kurt Cobain
90.1%
Queen
Freddie Mercury
87.6%
The Doors
Jim Morrison
80.8%
Ramones (first names only!)
Johnny/Dee Dee/Joey
72.1%
Led Zeppelin
John Bonham
68.4%
The Who
Keith Moon/John Entwistle
67.5%
Sex Pistols
Sid Vicious
66.9%
AC/
DC
Bon Scott
65.9%
The Allman Brothers Band
A lot!
63.5%
Lynyrd Skynyrd
Even more!
57.6%
The Rolling Stones
Brian Jones/Ian Stewart
51.1%
The Clash
Joe Strummer
50.2%
Pantera
Dimebag Darrell
48.6%
Band
Member(s)
% Correct
Alice in Chains
Layne Staley
47.1%
Pink Floyd
Syd Barrett/Richard Wright
43.7%
Metallica
Cliff Burton
38.7%
INXS
Michael Hutchence
38.7%
Ozzy Osbourne
Randy Rhoads
38.4%
Joy Division
Ian Curtis
27.6%
Red Hot Chili Peppers
Hillel Slovak
24.8%
Avenged Sevenfold
The Rev
21.7%
Kiss
Eric Carr
21.4%
Sublime
Brad Nowell
18.9%
The Yardbirds
Keith Relf
9%
Toto
Jeff Porcaro
6.8%
Alan Parsons Project
Eric Woolfson
3.4%
Quiz Playlist
Details
Report
Send in Message
Add To Playlist
Classic:
Type in answers that appear in a list
Last Updated: Feb 16, 2017
Quiz Scoreboard
CHALLENGE
Sign Up to Join the Scoreboard
Show All
Scores
Hide
Comments
May contain spoilers
Recently Published
1-10 Letter E Words III
by El_Dandy
Language
2m
Street Fighter Characters
by Artimus82
Gaming
60s
College Basketball Coaching Resumes
by pancakes188
Sports
9m
More to Explore
Quiz From the Vault
Featured Blog Post
Where Did the Easter Bunny Come From?
hide this ad
You Might Also Like...
Tags
Bands Quiz
cause
death
Today's Top Quizzes in Music
Browse Music
hide this ad
Today's Top Quizzes in Bands
Browse Bands
Top Contributed Quizzes in Music
1
Taylor Swift All Songs (2024)
2
Taylor Swift Logic Puzzle
3
Guess the Artist- 70s Songs
4
7-to-1: Billboard Hot 100 #1 Hits of 2010s
5
Sorting Albums and Songs
6
KPOP LOGIC QUIZ
7
Billboard Blitz: Aretha Franklin
8
Guess the Taylor Swift song (Mystery Song)
9
Guess The Taylor Swift Lyrics Song #1
10
Billboard Blitz: ABBA
Explore More
Trending Topics
Disney
Kpop
Anime
Harry Potter
NBA
Crossword
Marvel
WWE
Country
Song
Puzzle
The Office
Soccer
Pokémon
NFL
hide this ad
More By:
Massagraf
Quiz
Plays
Rating
Category
Featured
Created
Band Name Origins
88,621
4.32
Music
Nov 4, 2009
South Park Catchphrases
26,731
3.86
Television
Sep 26, 2009
Ultimate Rock Quiz
24,933
4.45
Music
Sep 26, 2009
Cities of the Netherlands
15,926
4.28
Geography
Sep 26, 2009
Countries of the World in 1900
8,773
4.72
History
Feb 20, 2014
Go to Creator's Profile
Score Distribution
Quiz Creator Spotlight
Massagraf
Follow
Send a Message
Quizzes Created
-
Created Quiz Play Count
-
More By This Creator
Popular Quizzes Today
1
Find the US States - No Outlines Minefield
2
Find the Countries of Europe - No Outlines Minefield
3
The Countries of the World
4
Find the US States
5
Risky Map Clicking: Biggest States A-Z
6
US States
7
Popular People in 1961
8
Movies - When Are They Set?
More Music Quizzes
VH1's 100 Songs (Hard Rock)
Published
Trending Quizzes
Risky Map Clicking: Least Populous States A-Z
1-10 Letter G Words
1-10 Letter F Words
Countries of the World: 200 Million BC
Risky Map Clicking: Next State Alphabetically
Recently Updated
Most Oscar Losses (Acting)
pecheneg
Beyoncé Albums
pecheneg
Leaping Animals
pecheneg
Reality TV Shows (A-Z)
bhenderson79
Rickey Henderson's Hall of Fame Teammates
pecheneg
Champions League XIs: Arsenal
pecheneg
Quick Pick: Celebrities in WWE's Hall of Fame
aduchscher
A-Z Keypad Blitz II
pecheneg
Multiple Oscar Actors
pecheneg
Mystery Phrase Blitz: Oscar 'Best Actors'
pecheneg
Trending Topics
Crossword
Marvel
NBA
Kpop
Anime
Disney
Harry Potter
Song
Pokémon
The Office
Puzzle
Country
Soccer
NFL
WWE
Your Account Isn't Verified!
In order to create a playlist on Sporcle, you need to verify the email address you used during registration. Go to your
Sporcle Settings
to finish the process.
Report this User
Report this user for behavior that violates our
Community Guidelines
.
Details:
Send Report
Go to the Sporcle.com Mobile Site →
Comments